I VALORI DELLA SOCIETÀ APERTA. N. 10. (Record n. 287011)
[ formato base ]
| 000 -LEADER | |
|---|---|
| fixed length control field | 01199nam a2200229Ia 4500 |
| 001 - CONTROL NUMBER | |
| control field | L261-28036 |
| 003 - CONTROL NUMBER IDENTIFIER | |
| control field | IT-CnALBA |
| 008 - FIXED-LENGTH DATA ELEMENTS--GENERAL INFORMATION | |
| fixed length control field | 170116s9999||||xx |||||||||||||| ||und|| |
| 040 ## - CATALOGING SOURCE | |
| Original cataloging agency | IT-CnALBA |
| Transcribing agency | IT-CnALBA |
| 041 ## - LANGUAGE CODE | |
| Language code of text/sound track or separate title | ITALIANO |
| 999 ## - SYSTEM CONTROL NUMBERS (KOHA) | |
| Koha Dewey Subclass [OBSOLETE] | NO |
| 100 ## - MAIN ENTRY--PERSONAL NAME | |
| Personal name | ANTISERI DARIO |
| 245 #0 - TITLE STATEMENT | |
| Title | I VALORI DELLA SOCIETÀ APERTA. N. 10. |
| 250 ## - EDITION STATEMENT | |
| Edition statement | 1a ed. |
| 260 ## - PUBLICATION, DISTRIBUTION, ETC. (IMPRINT) | |
| Place of publication, distribution, etc. | TORINO. ROMA |
| Name of publisher, distributor, etc. | BORLA EDITORE |
| Date of publication, distribution, etc. | 1994 [1° Ed.:1994 - Ed.Ling.Originale: 1994] |
| 300 ## - PHYSICAL DESCRIPTION | |
| Extent | 180 p. |
| 500 ## - GENERAL NOTE | |
| General note | QUADERNI DEL CENTRO DI METODOLOGIA SCIENZE SOCIALI LUISS. ABETE L. BALDINI M. BONIOLO G. INFANTINO L. MARTINO A. PETRONI A.M. CURATORE ANTISERI D. LA SOCIETÀ APERTA. SCIENZA ED ETICA NELLA SOCIETÀ... SOCIETÀ CHIUSA NEL XX SECOLO ED ESTINZIONE. LIBERTÀ E M |
| 501 ## - WITH NOTE | |
| With note | Società San Paolo EM - Piazza San Paolo, 14 - 12051 ALBA (CN) (non commercial uses only) ® Copyright 2017 |
| 520 ## - SUMMARY, ETC. | |
| Summary, etc. | QUADERNI DEL CENTRO DI METODOLOGIA SCIENZE SOCIALI LUISS. ABETE L. BALDINI M. BONIOLO G. INFANTINO L. MARTINO A. PETRONI A.M. CURATORE ANTISERI D. LA SOCIETÀ APERTA. SCIENZA ED ETICA NELLA SOCIETÀ... SOCIETÀ CHIUSA NEL XX SECOLO ED ESTINZIONE. LIBERTÀ E M |
| 650 ## - SUBJECT ADDED ENTRY--TOPICAL TERM | |
| Topical term or geographic name as entry element | TEOLOGIA SOCIALE |
| 942 ## - ADDED ENTRY ELEMENTS (KOHA) | |
| Koha item type | LIBRO |
| 957 ## - | |
| -- | 1 |
| 999 ## - SYSTEM CONTROL NUMBERS (KOHA) | |
| -- | Copie: 1 |
| Withdrawn status | Lost status | Damaged status | Not for loan | Home library | Current library | Date acquired | Total Checkouts | Full call number | Date last seen | Price effective from | Koha item type | Public note |
|---|---|---|---|---|---|---|---|---|---|---|---|---|
| Buone Condizioni | Not For Loan | ALBA - Biblioteca | ALBA - Biblioteca | 16/01/2017 | L261-28036 | 16/01/2017 | 16/01/2017 | LIBRO | (data import: 16 gennaio 2017) - By Epidotti, Vaglietti. |